Vevői elégedettség mérés a bankszektoron belül

Bibliographic Details
Main Author: Szabó Ádám
Other Authors: Zarándné Vámosi Dr. Kornélia
Format: Thesis
Published: 2018-04-30
Kulcsszavak:Bank
E-bank
Banki szolgáltatás
Vevői elégedettség
TQM
Online Access:http://dolgozattar.uni-bge.hu/15528

MARC

LEADER 00000nta a2200000 i 4500
001 dolg15528
005 20200325115835.0
008 180505s2018 hu om 000 hun d
040 |a BGE Dolgozattár Repozitórium  |b hun 
041 |a hu 
100 1 |a Szabó Ádám 
245 1 0 |a Vevői elégedettség mérés a bankszektoron belül  |c Szabó Ádám  |h [elektronikus dokumentum] 
246 1 1 |a Vevői elégedettség mérés a bankszektoron belül 
260 |c 2018-04-30 
695 |a Bank 
695 |a E-bank 
695 |a Banki szolgáltatás 
695 |a Vevői elégedettség 
695 |a TQM 
700 1 |a Zarándné Vámosi Dr. Kornélia  |e ths 
856 4 0 |u http://dolgozattar.uni-bge.hu/15528/17/Szab%C3%B3%20%C3%81d%C3%A1m%20szakdolgozat.pdf  |z Dokumentum-elérés